00387 a2200145 4500260001000000100001300010260003000023245008200053300001000135650002500145650001600170260000900186130000900195440003700204 aParis aSEGUY,E. bEditions Paul Lechevalier aDictionnaire des termes techniques d'entomologie élémentaire:200 figures. a465p. aOUVRAGE DE REFERENCE aENTOMOLOGIE c1967 lFr.  aEncyclopédie Entomologique-XLI